<?xml version="1.0" encoding="UTF-8"?><?xml-stylesheet type="text/xsl" href="static/style.xsl"?><OAI-PMH xmlns="http://www.openarchives.org/OAI/2.0/" xmlns:xsi="http://www.w3.org/2001/XMLSchema-instance" xsi:schemaLocation="http://www.openarchives.org/OAI/2.0/ http://www.openarchives.org/OAI/2.0/OAI-PMH.xsd"><responseDate>2026-06-02T01:14:49Z</responseDate><request verb="GetRecord" identifier="oai:riuma.uma.es:10630/34554" metadataPrefix="marc">https://riuma.uma.es/rest/oai/request</request><GetRecord><record><header><identifier>oai:riuma.uma.es:10630/34554</identifier><datestamp>2026-02-03T11:41:06Z</datestamp><setSpec>com_10630_2254</setSpec><setSpec>col_10630_37956</setSpec></header><metadata><record xmlns="http://www.loc.gov/MARC21/slim" xmlns:dcterms="http://purl.org/dc/terms/" xmlns:doc="http://www.lyncode.com/xoai" xmlns:xsi="http://www.w3.org/2001/XMLSchema-instance" xsi:schemaLocation="http://www.loc.gov/MARC21/slim http://www.loc.gov/standards/marcxml/schema/MARC21slim.xsd">
   <leader>00925njm 22002777a 4500</leader>
   <datafield ind2=" " ind1=" " tag="042">
      <subfield code="a">dc</subfield>
   </datafield>
   <datafield ind2=" " ind1=" " tag="720">
      <subfield code="a">Sánchez-Gómez, Fernando</subfield>
      <subfield code="e">author</subfield>
   </datafield>
   <datafield ind2=" " ind1=" " tag="260">
      <subfield code="c">2019</subfield>
   </datafield>
   <datafield ind2=" " ind1=" " tag="520">
      <subfield code="a">Recetario que recopila 102 formas diferentes de cocinar el gazpachuelo malagueño.&#xd;
El gazpachuelo es uno de los platos que mejor identifica la cocina malagueña y el que más ha evolucionado de la tradición a la vanguardia. Su efervescente culinaria necesitaba un recetario como este, publicado con el apoyo de la Diputación de Málaga-Sabor a Málaga, que recopila recetas clásicas e innovadoras cedidas por restaurantes —algunos con Estrellas Michelin y Soles Repsol—, también ventas, mesones, cafeterías y gastrobares de la capital de la Costa del Sol y la provincia. FERNANDO SÁNCHEZ GÓMEZ, licenciado y doctor en Periodismo por la Universidad del País Vasco, es autor de la primera tesis doctoral en crítica y periodismo gastronómico; publicada como La Cocina de la Crítica, se considera el manual de referencia en este ámbito del periodismo especializado. Es Premio Euskadi de Gastronomía, Prix de la Littérature Gastronomique de la Academia Internacional de Gastronomía de París, Premio Ateneo-Universidad de Málaga de Periodismo. Periodista, investigador, conferenciante y profesor, otros libros suyos son Periodismo Gastronómico, Juan José Lapitz, memorias de un gastrónomo vasco y Manuel Alcántara, el último columnista diario. Después de Arroces de Málaga, Gazpachuelos de Málaga es su nuevo recetario de cocina malagueña.</subfield>
   </datafield>
   <datafield ind1="8" ind2=" " tag="024">
      <subfield code="a">978-84-697-6752-8</subfield>
   </datafield>
   <datafield ind1="8" ind2=" " tag="024">
      <subfield code="a">https://hdl.handle.net/10630/34554</subfield>
   </datafield>
   <datafield tag="653" ind2=" " ind1=" ">
      <subfield code="a">Cocina malagueña - Recetas de cocina</subfield>
   </datafield>
   <datafield ind2="0" ind1="0" tag="245">
      <subfield code="a">Gazpachuelos de Málaga.</subfield>
   </datafield>
</record>
</metadata></record></GetRecord></OAI-PMH>